[Event "Rated Blitz game"]
[Site "?"]
[Date "2021.04.23"]
[Round "?"]
[White "terrorboy"]
[Black "Rusert"]
[Result "1-0"]
[WhiteElo "2423"]
[BlackElo "2505"]
[PlyCount "77"]
[EventDate "2021.??.??"]
[EventType "blitz"]

1. e4 e5 2. Nf3 d5 3. Nxe5 Bd6 4. d4 dxe4 5. Nc4 Nf6 6. Nc3 O-O 7. Bg5 Bf5 8.
Ne3 Bg6 9. Be2 c6 10. O-O Nbd7 11. f4 exf3 12. Bxf3 Re8 13. Ng4 Nxg4 14. Bxd8
Ne3 15. Qd2 Nxf1 16. Rxf1 Raxd8 17. Re1 Nf6 18. Rxe8+ Rxe8 19. g3 h5 20. Ne2
Ne4 21. Bxe4 Bxe4 22. c3 Bf3 23. Nf4 g6 24. Qd3 Be4 25. Qc4 h4 26. Kf2 hxg3+
27. hxg3 Kg7 28. d5 c5 29. Ne6+ fxe6 30. Qxe4 e5 31. Qa4 Re7 32. Qxa7 e4 33.
Qb6 e3+ 34. Ke2 Bxg3 35. Qxc5 Kf7 36. d6 Rd7 37. Qd5+ Kg7 38. Qd4+ Kf7 39. Qg4
{Normal} 1-0

[Event "Rated Blitz game"]
[Site "?"]
[Date "2021.04.23"]
[Round "?"]
[White "fabipereira95"]
[Black "Slimslik02"]
[Result "1-0"]
[WhiteElo "2437"]
[BlackElo "2355"]
[PlyCount "89"]
[EventDate "2021.??.??"]
[EventType "blitz"]

1. e4 e5 2. Nf3 d5 3. Nxe5 Bd6 4. d4 dxe4 5. Nc4 Nf6 6. Nc3 Be6 7. Bg5 Bb4 8.
Qd2 Bxc3 9. Qxc3 h6 10. Bh4 g5 11. Bg3 Nd5 12. Qa3 f5 13. Be5 Rg8 14. Be2 Nc6
15. Bh5+ Bf7 16. Bxf7+ Kxf7 17. O-O-O b5 18. Na5 Nxa5 19. Qxa5 c6 20. Qe1 a5
21. Qe2 Kg6 22. h4 g4 23. f3 h5 24. fxe4 f4 25. exd5 Qxd5 26. Bxf4 Rae8 27. Be5
Rgf8 28. Rhf1 Qxa2 29. Qe4+ Kh6 30. Rxf8 Rxf8 31. Qxc6+ Kh7 32. Qd7+ Rf7 33.
Qxb5 Qa1+ 34. Kd2 Rf2+ 35. Ke3 Qxd1 36. Kxf2 Qxc2+ 37. Qe2 Qf5+ 38. Kg1 Kg6 39.
Qe3 Kf7 40. Qf4 Ke6 41. Qxf5+ Kxf5 42. b3 Ke4 43. Bc7 Kxd4 44. Bxa5 Kc5 45. Bd2
{Normal} 1-0

[Event "Rated Blitz game"]
[Site "?"]
[Date "2021.04.23"]
[Round "?"]
[White "pandemicfreak"]
[Black "Rusert"]
[Result "1-0"]
[WhiteElo "2493"]
[BlackElo "2506"]
[PlyCount "37"]
[EventDate "2021.??.??"]
[EventType "blitz"]

1. e4 e5 2. Nf3 d5 3. d4 exd4 4. Qxd4 Nc6 5. Bb5 Nf6 6. exd5 Nxd5 7. O-O Be6 8.
Re1 Qd7 9. Bg5 h6 10. Bh4 a6 11. Bxc6 Qxc6 12. Nc3 Nxc3 13. bxc3 Rg8 14. Rad1
g5 15. Bg3 Be7 16. Ne5 Qc5 17. Qe4 c6 18. Nxf7 Bxf7 19. Bd6 {Time forfeit} 1-0

[Event "Rated Blitz game"]
[Site "?"]
[Date "2021.04.23"]
[Round "?"]
[White "Dandel2i3Fernandez"]
[Black "blastol"]
[Result "1-0"]
[WhiteElo "2416"]
[BlackElo "2372"]
[PlyCount "71"]
[EventDate "2021.??.??"]
[EventType "blitz"]

1. e4 e5 2. Nf3 d5 3. exd5 Bd6 4. d4 e4 5. Qe2 Nf6 6. Nc3 Qe7 7. Ne5 O-O 8.
Nxe4 Nxe4 9. Qxe4 f6 10. Bd3 g6 11. Nf3 Qxe4+ 12. Bxe4 Re8 13. Nd2 f5 14. f3
fxe4 15. fxe4 Bf4 16. e5 Bf5 17. c3 Bd3 18. Nf3 Bxc1 19. Rxc1 Be4 20. c4 Nd7
21. Kf2 Nb6 22. b3 Rf8 23. Rhe1 Bf5 24. Kg3 Rae8 25. a4 Kg7 26. Ng5 h6 27. Ne4
Nd7 28. Nc3 Rf7 29. Nb5 Nb8 30. Nxa7 c6 31. e6 Rfe7 32. Re5 Kf6 33. Rce1 Bc2
34. R1e3 cxd5 35. cxd5 Rc7 36. Nb5 {Normal} 1-0

[Event "Rated Blitz game"]
[Site "?"]
[Date "2021.04.23"]
[Round "?"]
[White "Snappppp"]
[Black "pasha1984"]
[Result "0-1"]
[WhiteElo "2417"]
[BlackElo "2416"]
[PlyCount "84"]
[EventDate "2021.??.??"]
[EventType "blitz"]

1. e4 e5 2. Nf3 d5 3. d4 dxe4 4. Nxe5 Bd6 5. Nc4 Nc6 6. Nxd6+ Qxd6 7. c3 Qg6 8.
Be3 Nf6 9. Nd2 O-O 10. Qc2 Re8 11. O-O-O a5 12. Bb5 Bd7 13. Nc4 Ng4 14. h3 Nxe3
15. fxe3 Qg5 16. Bxc6 Bxc6 17. Qf2 Bd5 18. Ne5 Bxa2 19. Rhf1 f6 20. h4 Qh6 21.
Nd7 Be6 22. Nc5 Bg4 23. Rde1 Qg6 24. Qf4 b6 25. Nb3 c5 26. Nd2 f5 27. Nc4 Qe6
28. Ne5 Rf8 29. Kc2 a4 30. Ra1 Qb3+ 31. Kc1 a3 32. Rxa3 Rxa3 33. bxa3 Qxc3+ 34.
Kb1 Qb3+ 35. Kc1 Qxa3+ 36. Kd2 Qb4+ 37. Kc1 Qc3+ 38. Kb1 Qb3+ 39. Kc1 cxd4 40.
exd4 Rc8+ 41. Kd2 Rc2+ 42. Ke1 Qb1+ {Time forfeit} 0-1

[Event "Rated Blitz game"]
[Site "?"]
[Date "2021.04.23"]
[Round "?"]
[White "danikoshvili"]
[Black "KamranShirazi"]
[Result "0-1"]
[WhiteElo "2501"]
[BlackElo "2495"]
[PlyCount "46"]
[EventDate "2021.??.??"]
[EventType "blitz"]

1. e4 e5 2. Nf3 d5 3. Nxe5 Bd6 4. d4 dxe4 5. Bf4 Nc6 6. Nxc6 bxc6 7. Be3 Rb8 8.
b3 f5 9. g3 Nf6 10. Nd2 O-O 11. c4 Ng4 12. Bh3 Nxe3 13. fxe3 f4 14. Bxc8 Rxc8
15. exf4 Bxf4 16. gxf4 Qh4+ 17. Ke2 Rxf4 18. Qg1 Qh5+ 19. Ke1 Rcf8 20. Qg3 e3
21. Nf1 Qa5+ 22. Kd1 Rxf1+ 23. Rxf1 Qd2# {Normal} 0-1

[Event "Rated Blitz game"]
[Site "?"]
[Date "2021.04.22"]
[Round "?"]
[White "uspanops70"]
[Black "blastol"]
[Result "1-0"]
[WhiteElo "2407"]
[BlackElo "2403"]
[PlyCount "37"]
[EventDate "2021.??.??"]
[EventType "blitz"]

1. e4 e5 2. Nf3 d5 3. Nxe5 Bd6 4. d4 dxe4 5. Qe2 Nf6 6. Nc3 O-O 7. Bg5 Re8 8.
O-O-O Bf5 9. g3 Nbd7 10. f4 exf3 11. Qxf3 Bg6 12. Nxd7 Qxd7 13. Bxf6 gxf6 14.
Nd5 Re6 15. Bh3 f5 16. Bxf5 Bxf5 17. Qxf5 Kh8 18. Nf6 Kg7 19. Nxd7 {Normal} 1-0

[Event "Rated Blitz tournament KF77vZzG"]
[Site "?"]
[Date "2021.04.22"]
[Round "?"]
[White "Westerbeck"]
[Black "Turkmentiger2020"]
[Result "0-1"]
[WhiteElo "2514"]
[BlackElo "2606"]
[PlyCount "78"]
[EventDate "2021.??.??"]
[EventType "blitz"]

1. e4 e5 2. Nf3 d5 3. exd5 e4 4. Qe2 Be7 5. Qxe4 Nf6 6. Qa4+ c6 7. Be2 O-O 8.
O-O cxd5 9. d4 Nc6 10. c3 Bf5 11. Re1 h6 12. Nbd2 Bd6 13. Nf1 Qd7 14. Qd1 Rae8
15. Ng3 Bg6 16. Bb5 Rxe1+ 17. Qxe1 Re8 18. Qd1 a6 19. Bxc6 bxc6 20. Be3 a5 21.
Qd2 Ne4 22. Nxe4 Bxe4 23. Ne1 Qb7 24. f3 Bg6 25. b3 a4 26. b4 Qe7 27. Bf2 Qe2
28. Qxe2 Rxe2 29. a3 Bxh2+ 30. Kxh2 Rxf2 31. Kg1 Rb2 32. Kf1 Rb3 33. Ke2 Rxc3
34. Kd2 Rb3 35. g4 f5 36. gxf5 Bxf5 37. Rc1 h5 38. Rxc6 h4 39. f4 h3 {Normal}
0-1

[Event "Rated Blitz game"]
[Site "?"]
[Date "2021.04.22"]
[Round "?"]
[White "Ute-Manfred"]
[Black "annaly1979"]
[Result "1-0"]
[WhiteElo "2577"]
[BlackElo "2394"]
[PlyCount "45"]
[EventDate "2021.??.??"]
[EventType "blitz"]

1. e4 e5 2. Nf3 d5 3. exd5 e4 4. Ne5 Bd6 5. d4 Nf6 6. Bb5+ Nbd7 7. O-O h6 8.
Nc3 O-O 9. Bf4 a6 10. Bxd7 Bxd7 11. Re1 Bf5 12. h3 Re8 13. Bg3 Bh7 14. a4 Bb4
15. Bh4 g5 16. Bg3 Nxd5 17. Nxd5 Bxe1 18. c4 c6 19. Qh5 cxd5 20. Qxf7+ Kh8 21.
Rxe1 Rf8 22. Ng6+ Bxg6 23. Be5+ {Normal} 1-0

[Event "Rated Blitz tournament KSwQSOtG"]
[Site "?"]
[Date "2021.04.22"]
[Round "?"]
[White "CoolerMove"]
[Black "BrilliantGambiteer"]
[Result "1-0"]
[WhiteElo "2459"]
[BlackElo "2290"]
[PlyCount "69"]
[EventDate "2021.??.??"]
[EventType "blitz"]

1. e4 e5 2. Nf3 d5 3. exd5 e4 4. Qe2 Qe7 5. Nd4 Qe5 6. Nb5 Na6 7. d3 Nf6 8.
dxe4 Qxe4 9. N1c3 Qxe2+ 10. Bxe2 Bb4 11. a3 Bxc3+ 12. Nxc3 O-O 13. O-O Bf5 14.
Bf4 Rac8 15. Rac1 Rfd8 16. Rfd1 Ne4 17. Nb5 Ra8 18. Nxc7 Nxc7 19. Bxc7 Rd7 20.
d6 Rc8 21. Bb5 a6 22. Bxd7 Bxd7 23. Re1 Bc6 24. Rxe4 Bxe4 25. d7 Rf8 26. Re1
Bf5 27. d8=Q Rxd8 28. Bxd8 h6 29. c4 Kh7 30. Re7 Be6 31. Rxe6 fxe6 32. f4 Kg6
33. Kf2 Kf5 34. Kf3 g6 35. g4# {Normal} 1-0

[Event "Rated Blitz tournament xDn6AdgP"]
[Site "?"]
[Date "2021.04.22"]
[Round "?"]
[White "onyongBKD"]
[Black "om_gendut"]
[Result "0-1"]
[WhiteElo "2291"]
[BlackElo "2457"]
[PlyCount "106"]
[EventDate "2021.??.??"]
[EventType "blitz"]

1. e4 e5 2. Nf3 d5 3. exd5 e4 4. Nd4 Qxd5 5. Nb3 Nf6 6. Nc3 Qe5 7. d3 exd3+ 8.
Be3 dxc2 9. Qxc2 Nc6 10. O-O-O Bf5 11. Bd3 Nb4 12. Bxf5 Nxc2 13. Bxc2 Bb4 14.
Rhe1 O-O 15. Bc5 Qg5+ 16. Be3 Qxg2 17. Rg1 Qc6 18. Ne2 Rad8 19. Nbd4 Qa6 20.
Kb1 Rfe8 21. Nf5 g6 22. Nf4 Rxd1+ 23. Bxd1 Bf8 24. Bc2 Ne4 25. Bb3 Nd6 26. Nd4
Bh6 27. Nc2 Bxf4 28. Bxf4 Qd3 29. Ka1 Re2 30. Kb1 c5 31. Bxd6 Qxd6 32. Bc4 Rxf2
33. Re1 Qxh2 34. Bb3 c4 35. Bxc4 Rxc2 36. Re8+ Kg7 37. Re1 Rxc4 38. a3 Qc2+ 39.
Ka1 Rd4 40. Ka2 Rd2 41. Rb1 a5 42. Ka1 a4 43. Ka2 Rd1 44. Rxd1 Qxd1 45. b3
Qxb3+ 46. Ka1 Qb5 47. Ka2 h5 48. Ka1 h4 49. Ka2 h3 50. Ka1 h2 51. Ka2 Qb6 52.
Ka1 h1=Q+ 53. Ka2 Qb3# {Normal} 0-1

[Event "Rated Blitz game"]
[Site "?"]
[Date "2021.04.22"]
[Round "?"]
[White "Tugaichess"]
[Black "magos33"]
[Result "0-1"]
[WhiteElo "2436"]
[BlackElo "2393"]
[PlyCount "54"]
[EventDate "2021.??.??"]
[EventType "blitz"]

1. e4 e5 2. Nf3 d5 3. exd5 e4 4. Qe2 Nf6 5. d3 Be7 6. dxe4 O-O 7. Nc3 Re8 8.
Be3 Bb4 9. e5 Nxd5 10. O-O-O Bxc3 11. bxc3 Nxc3 12. Rxd8 Nxe2+ 13. Bxe2 Rxd8
14. Bc4 h6 15. Nd4 Re8 16. f4 a6 17. Rd1 c5 18. Nb3 b6 19. a4 Bb7 20. a5 b5 21.
Nxc5 Bxg2 22. Bd3 Nc6 23. Rg1 Bf3 24. Rg3 Bh5 25. Nd7 Kh8 26. Be4 Rac8 27. Rh3
Bg4 {Normal} 0-1

[Event "Rated Blitz game"]
[Site "?"]
[Date "2021.04.22"]
[Round "?"]
[White "TacticalMaster"]
[Black "DarthZannah"]
[Result "0-1"]
[WhiteElo "2421"]
[BlackElo "2494"]
[PlyCount "20"]
[EventDate "2021.??.??"]
[EventType "blitz"]

1. e4 e5 2. Nf3 d5 3. Nxe5 dxe4 4. Bc4 Qg5 5. Nxf7 Qxg2 6. Rf1 Bg4 7. f3 Bxf3
8. Be2 Be7 9. d4 Kxf7 10. Bxf3 Bh4+ {Normal} 0-1

[Event "Rated Blitz game"]
[Site "?"]
[Date "2021.04.22"]
[Round "?"]
[White "batuhannozen"]
[Black "RoadToFM-L"]
[Result "1-0"]
[WhiteElo "2464"]
[BlackElo "2483"]
[PlyCount "119"]
[EventDate "2021.??.??"]
[EventType "blitz"]

1. e4 e5 2. Nf3 d5 3. d4 dxe4 4. Nxe5 Bd6 5. Nc3 Bxe5 6. dxe5 Qxd1+ 7. Kxd1
Bg4+ 8. Be2 Bxe2+ 9. Kxe2 Nc6 10. Nxe4 Nxe5 11. Bf4 f6 12. Bxe5 fxe5 13. Rad1
Ne7 14. Nc5 Nc6 15. Ne6 Rc8 16. Nxg7+ Kf7 17. Rd7+ Kg6 18. Ne6 Rhe8 19. Nxc7
Rf8 20. Ne6 Rf6 21. Nc7 Nd4+ 22. Kf1 Rc6 23. Nd5 Rxc2 24. g3 Rf8 25. f4 Nf3 26.
f5+ Kh6 27. h4 Rxf5 28. Ne3 Nh2+ 29. Ke1 Rc1+ 30. Rd1 Rxd1+ 31. Kxd1 Rf3 32.
Ke2 Rxg3 33. Nf5+ Kg6 34. Nxg3 Ng4 35. Ne4 Kf5 36. Nd6+ Ke6 37. Nxb7 Nf6 38. h5
Nd5 39. h6 Nf4+ 40. Kf3 Ng6 41. Kg4 e4 42. Nc5+ Kd5 43. b4 Ne5+ 44. Kg5 Ng6 45.
Kf6 e3 46. Kg7 Nf4 47. Kxh7 e2 48. Kg7 Nh5+ 49. Rxh5+ Kd4 50. Rh1 e1=Q 51. Rxe1
Kc4 52. h7 a5 53. bxa5 Kb5 54. h8=Q Kc4 55. Qh3 Kb4 56. Qb3+ Kxa5 57. Nb7+ Ka6
58. Re6+ Ka7 59. Qb6+ Ka8 60. Re8# {Normal} 1-0

[Event "Rated Blitz game"]
[Site "?"]
[Date "2021.04.22"]
[Round "?"]
[White "Udar59"]
[Black "magos33"]
[Result "1/2-1/2"]
[WhiteElo "2388"]
[BlackElo "2424"]
[PlyCount "107"]
[EventDate "2021.??.??"]
[EventType "blitz"]

1. e4 e5 2. Nf3 d5 3. Nxe5 Bd6 4. d4 dxe4 5. Be2 Bxe5 6. dxe5 Qxd1+ 7. Bxd1 Nc6
8. Nc3 Bf5 9. Bf4 Nge7 10. g4 Bg6 11. O-O O-O-O 12. Re1 Nd5 13. Nxd5 Rxd5 14.
c4 Rc5 15. Rc1 Re8 16. Ba4 Re7 17. a3 Nxe5 18. b4 Rxc4 19. Rxc4 Nxc4 20. Bb3
Nxa3 21. Ra1 Nb5 22. Bc4 a6 23. Bxb5 axb5 24. Ra5 c6 25. Ra8+ Kd7 26. Bg5 Re5
27. Bf4 Re8 28. Ra7 Ke6 29. Rxb7 Ra8 30. Rc7 Kd5 31. Rd7+ Kc4 32. Rd6 Ra6 33.
Bd2 h6 34. Kg2 c5 35. Rxa6 cxb4 36. Rc6+ Kd3 37. Bxb4 e3 38. fxe3 Be4+ 39. Kg3
Bxc6 40. Kf4 Kc4 41. e4 Kxb4 42. e5 Kc5 43. e6 fxe6 44. g5 hxg5+ 45. Kxg5 b4
46. h4 b3 47. h5 b2 48. Kg6 b1=Q+ 49. Kxg7 Qf5 50. h6 Be4 51. h7 Qxh7+ 52. Kf6
Qg6+ 53. Ke7 e5 54. Kd8 {Time forfeit} 1/2-1/2

[Event "Rated Blitz game"]
[Site "?"]
[Date "2021.04.22"]
[Round "?"]
[White "SharkieCroc"]
[Black "Berovski"]
[Result "1/2-1/2"]
[WhiteElo "2473"]
[BlackElo "2444"]
[PlyCount "71"]
[EventDate "2021.??.??"]
[EventType "blitz"]

1. e4 e5 2. Nf3 d5 3. exd5 Qxd5 4. Nc3 Qa5 5. Bc4 Be7 6. O-O Nf6 7. Re1 Nc6 8.
d3 O-O 9. h3 a6 10. Bd2 Qc5 11. a3 b5 12. b4 Qd6 13. Bb3 Bb7 14. Ne2 Nd4 15.
Nexd4 exd4 16. Nxd4 Qxd4 17. Rxe7 Nd5 18. Re4 Qf6 19. c4 Nc3 20. Bxc3 Qxc3 21.
cxb5 Bxe4 22. dxe4 axb5 23. Rc1 Qe5 24. Qd5 Qxd5 25. Bxd5 Rxa3 26. Rxc7 Ra4 27.
Rb7 Rxb4 28. f4 Rb2 29. f5 b4 30. e5 h5 31. e6 fxe6 32. fxe6 Rd2 33. e7+ Rxd5
34. exf8=Q+ Kxf8 35. Rxb4 Kf7 36. Rf4+ {Normal} 1/2-1/2

[Event "Rated Blitz game"]
[Site "?"]
[Date "2021.04.22"]
[Round "?"]
[White "GropingQ"]
[Black "magos33"]
[Result "0-1"]
[WhiteElo "2409"]
[BlackElo "2409"]
[PlyCount "60"]
[EventDate "2021.??.??"]
[EventType "blitz"]

1. e4 e5 2. Nf3 d5 3. Nc3 dxe4 4. Nxe4 f5 5. Ng3 Bd6 6. d4 e4 7. Ng1 Nf6 8. Bc4
Qe7 9. N1e2 c6 10. Bf4 Bxf4 11. Nxf4 b5 12. Bb3 Na6 13. O-O Nc7 14. f3 g5 15.
Nfh5 Nxh5 16. Nxh5 e3 17. Re1 f4 18. g4 Nd5 19. Bxd5 cxd5 20. Qd3 a6 21. b3 Be6
22. a4 b4 23. a5 Bf7 24. Ng7+ Kd7 25. c3 Bg6 26. Nf5 Qf8 27. cxb4 Qxb4 28. Rac1
Rhc8 29. Kg2 Qxa5 30. h4 Qd2+ {Normal} 0-1

[Event "Rated Blitz game"]
[Site "?"]
[Date "2021.04.22"]
[Round "?"]
[White "Osamabinladin1234"]
[Black "Taabling"]
[Result "1-0"]
[WhiteElo "2393"]
[BlackElo "2416"]
[PlyCount "25"]
[EventDate "2021.??.??"]
[EventType "blitz"]

1. e4 e5 2. Nf3 d5 3. exd5 Bd6 4. Nc3 Nf6 5. d4 e4 6. Ne5 O-O 7. Bc4 h6 8. O-O
a6 9. a4 b6 10. Re1 Bf5 11. Bf4 Re8 12. Bb3 Bb4 13. Qc1 {Time forfeit} 1-0

[Event "Rated Blitz game"]
[Site "?"]
[Date "2021.04.22"]
[Round "?"]
[White "user_silva2002"]
[Black "blastol"]
[Result "0-1"]
[WhiteElo "2416"]
[BlackElo "2423"]
[PlyCount "38"]
[EventDate "2021.??.??"]
[EventType "blitz"]

1. e4 e5 2. Nf3 d5 3. exd5 Bd6 4. Nc3 Nf6 5. Bb5+ c6 6. dxc6 bxc6 7. Bc4 e4 8.
Ng5 O-O 9. O-O Bxh2+ 10. Kxh2 Ng4+ 11. Kg1 Qxg5 12. Nxe4 Qh4 13. Re1 Bf5 14.
Qf3 Bxe4 15. Rxe4 Qh2+ 16. Kf1 Nf6 17. Re7 Nbd7 18. d3 Rae8 19. Rxe8 Qh1+ {
Normal} 0-1

[Event "Rated Blitz game"]
[Site "?"]
[Date "2021.04.22"]
[Round "?"]
[White "RH1990"]
[Black "annaly1979"]
[Result "1-0"]
[WhiteElo "2507"]
[BlackElo "2372"]
[PlyCount "81"]
[EventDate "2021.??.??"]
[EventType "blitz"]

1. e4 e5 2. Nf3 d5 3. exd5 e4 4. Qe2 f5 5. d3 Nf6 6. Nc3 Bb4 7. Bd2 Bxc3 8.
Bxc3 O-O 9. dxe4 Nxe4 10. Qc4 Kh8 11. O-O-O b5 12. Qd4 Nf6 13. Bxb5 Bd7 14. Bd3
a5 15. Ne5 Na6 16. h4 Nb4 17. Kb1 Rb8 18. h5 Nxd3 19. Rxd3 Qe7 20. Ng6+ hxg6
21. hxg6+ Kg8 22. Rh8+ Kxh8 23. Re3 Ne4 24. Kc1 Kg8 25. f3 c5 26. dxc6 Be6 27.
fxe4 f4 28. Rd3 Rbd8 29. Qe5 Rxd3 30. cxd3 Rc8 31. d4 Qe8 32. Qh5 Kf8 33. d5
Bxd5 34. exd5 Qe3+ 35. Kc2 Qe4+ 36. Kc1 Qe3+ 37. Bd2 Qg1+ 38. Kc2 Qc5+ 39. Bc3
Qf2+ 40. Kb3 Rb8+ 41. Ka4 {Time forfeit} 1-0

[Event "Rated Blitz game"]
[Site "?"]
[Date "2021.04.22"]
[Round "?"]
[White "aibar18"]
[Black "Senor_de_los_vientos"]
[Result "0-1"]
[WhiteElo "2449"]
[BlackElo "2369"]
[PlyCount "26"]
[EventDate "2021.??.??"]
[EventType "blitz"]

1. e4 e5 2. Nf3 d5 3. exd5 e4 4. Qe2 Nf6 5. Nc3 Be7 6. d3 exf3 7. gxf3 Nxd5 8.
Bd2 Be6 9. Rg1 g6 10. O-O-O Nc6 11. Nxd5 Qxd5 12. Bc3 Bg5+ 13. Kb1 Qxa2# {
Normal} 0-1

[Event "Rated Blitz game"]
[Site "?"]
[Date "2021.04.22"]
[Round "?"]
[White "stuffings"]
[Black "annaly1979"]
[Result "1-0"]
[WhiteElo "2431"]
[BlackElo "2392"]
[PlyCount "67"]
[EventDate "2021.??.??"]
[EventType "blitz"]

1. e4 e5 2. Nf3 d5 3. exd5 e4 4. Ne5 Bd6 5. d4 Nf6 6. Bg5 O-O 7. Nc3 Bf5 8. Bc4
Re8 9. O-O Bxe5 10. dxe5 Rxe5 11. Qd4 Nbd7 12. Rae1 a6 13. a4 Qe8 14. Bb3 Bg6
15. Bf4 Rh5 16. Bxc7 Ne5 17. Bxe5 Rxe5 18. f3 e3 19. Re2 Rd8 20. Rfe1 h5 21.
Rxe3 Rxe3 22. Rxe3 Qd7 23. a5 Qd6 24. Qb6 Qb8 25. Re7 Rd6 26. Qxb7 Qd8 27. Qc7
Qxc7 28. Rxc7 Ne8 29. Rc8 f6 30. Ne4 Bxe4 31. fxe4 Kf7 32. c4 g5 33. c5 Rd7 34.
d6+ {Normal} 1-0

[Event "Rated Blitz game"]
[Site "?"]
[Date "2021.04.22"]
[Round "?"]
[White "Quilga"]
[Black "DonCroccante"]
[Result "1-0"]
[WhiteElo "2400"]
[BlackElo "2393"]
[PlyCount "67"]
[EventDate "2021.??.??"]
[EventType "blitz"]

1. e4 e5 2. Nf3 d5 3. exd5 e4 4. Qe2 Nf6 5. d3 Qxd5 6. Nc3 Qa5 7. Bd2 Bb4 8.
Nxe4 Be6 9. Bxb4 Qxb4+ 10. Qd2 Qxb2 11. Qc3 Qxc3+ 12. Nxc3 Nc6 13. g3 O-O-O 14.
Bg2 Nb4 15. Kd2 Ng4 16. Rhb1 Nd5 17. Ng5 h6 18. Nxe6 fxe6 19. Ne4 b6 20. h3 Ne5
21. a4 Rhf8 22. a5 Nf6 23. axb6 axb6 24. f4 Nxe4+ 25. Bxe4 Nc4+ 26. Kc3 Na5 27.
Rb5 Rd6 28. Kd2 Kd7 29. Ke3 Rf6 30. c4 Ke7 31. c5 Rd5 32. Bxd5 exd5 33. cxb6
cxb6 34. Rxd5 {Time forfeit} 1-0

[Event "Rated Blitz game"]
[Site "?"]
[Date "2021.04.22"]
[Round "?"]
[White "Jero_el_siniestro"]
[Black "Senor_de_los_vientos"]
[Result "1-0"]
[WhiteElo "2475"]
[BlackElo "2384"]
[PlyCount "61"]
[EventDate "2021.??.??"]
[EventType "blitz"]

1. e4 e5 2. Nf3 d5 3. Nxe5 Bd6 4. Ng4 dxe4 5. Be2 f5 6. Ne3 Nf6 7. d4 O-O 8.
Nc3 Nc6 9. Nc4 Be7 10. Be3 Nd5 11. Nxd5 Qxd5 12. Ne5 Nxe5 13. dxe5 Qxe5 14. c3
f4 15. Bd4 Qf5 16. Qb3+ Kh8 17. O-O-O Bd6 18. g4 Qa5 19. h4 f3 20. Bc4 Bxg4 21.
h5 Bf4+ 22. Kb1 Bf5 23. h6 e3+ 24. Ka1 Bxh6 25. Rxh6 e2 26. Rg1 Bg6 27. Rhxg6
hxg6 28. Rh1+ Qh5 29. Re1 Rae8 30. Qxb7 c5 31. Qxg7# {Normal} 1-0

[Event "Rated Blitz game"]
[Site "?"]
[Date "2021.04.22"]
[Round "?"]
[White "Nikkkita"]
[Black "pasha1984"]
[Result "0-1"]
[WhiteElo "2458"]
[BlackElo "2447"]
[PlyCount "38"]
[EventDate "2021.??.??"]
[EventType "blitz"]

1. e4 e5 2. Nf3 d5 3. d4 dxe4 4. Nxe5 Bd6 5. Bc4 Bxe5 6. Qh5 Qe7 7. dxe5 g6 8.
Qe2 Nc6 9. O-O Nxe5 10. Qxe4 Nxc4 11. Qxc4 Be6 12. Qa4+ c6 13. Nc3 Nf6 14. Bh6
Ng4 15. Bg7 Rg8 16. Bd4 Rd8 17. Qxa7 Qd6 18. g3 Qxd4 19. Rad1 Qxa7 {Normal} 0-1

[Event "Rated Blitz game"]
[Site "?"]
[Date "2021.04.22"]
[Round "?"]
[White "koromarbel"]
[Black "bja555"]
[Result "0-1"]
[WhiteElo "2451"]
[BlackElo "2476"]
[PlyCount "100"]
[EventDate "2021.??.??"]
[EventType "blitz"]

1. e4 e5 2. Nf3 d5 3. exd5 e4 4. Qe2 Nf6 5. d3 Qxd5 6. dxe4 Qxe4 7. Nc3 Bb4 8.
Bd2 Bxc3 9. Bxc3 Qxe2+ 10. Bxe2 Nbd7 11. h3 O-O 12. O-O-O Re8 13. Rhe1 b6 14.
Bc4 Bb7 15. Ng5 Rxe1 16. Rxe1 Bd5 17. Bxd5 Nxd5 18. Bd2 h6 19. Nf3 c5 20. c4
N5f6 21. Bc3 Re8 22. Rxe8+ Nxe8 23. b3 f5 24. g4 fxg4 25. hxg4 g6 26. Kd2 Kf7
27. Ke3 Ke6 28. Nh4 g5 29. Ng2 Nef6 30. f3 a6 31. Ke2 Ne5 32. Ne3 b5 33. cxb5
axb5 34. a4 c4 35. axb5 cxb3 36. b6 Nc6 37. b7 Nd5 38. Nxd5 Kxd5 39. Kd3 Kc5
40. Bg7 Kb4 41. Bxh6 Ka3 42. Bg7 Ka2 43. Kc4 Na5+ 44. Kb5 Nxb7 45. Kc6 Na5+ 46.
Kd5 Ka3 47. Ke4 Nc4 48. Kf5 Kb4 49. Kxg5 Ne3 50. Kf4 Nd5+ {Time forfeit} 0-1

[Event "Rated Blitz game"]
[Site "?"]
[Date "2021.04.22"]
[Round "?"]
[White "ilyeschess22"]
[Black "DarthZannah"]
[Result "0-1"]
[WhiteElo "2352"]
[BlackElo "2498"]
[PlyCount "52"]
[EventDate "2021.??.??"]
[EventType "blitz"]

1. e4 e5 2. Nf3 d5 3. Nxe5 dxe4 4. d4 Nd7 5. Nxd7 Bxd7 6. Bc4 Bd6 7. Nc3 Nf6 8.
Bg5 O-O 9. Qd2 Re8 10. O-O-O h6 11. Bh4 c6 12. Kb1 b5 13. Bb3 a5 14. a4 Be7 15.
Rhe1 b4 16. Ne2 Nd5 17. Bxe7 Qxe7 18. Ng3 f5 19. f3 e3 20. Qd3 f4 21. Ne4 Bf5
22. g4 Bxe4 23. fxe4 Qxe4 24. Qc4 Rac8 25. Qa6 Kh8 26. Qxa5 f3 {Normal} 0-1

[Event "Rated Blitz game"]
[Site "?"]
[Date "2021.04.22"]
[Round "?"]
[White "Handy-Andy"]
[Black "KamranShirazi"]
[Result "1-0"]
[WhiteElo "2426"]
[BlackElo "2488"]
[PlyCount "119"]
[EventDate "2021.??.??"]
[EventType "blitz"]

1. e4 e5 2. Nf3 d5 3. Nxe5 Bd6 4. d4 dxe4 5. Nc3 Bxe5 6. dxe5 Qxd1+ 7. Nxd1 Nc6
8. Bf4 Nd4 9. Ne3 Bd7 10. O-O-O Ne6 11. Bg3 O-O-O 12. Bc4 Ne7 13. Rhe1 h5 14.
h4 Bc6 15. a3 Ng6 16. Nf5 Rde8 17. b4 a6 18. Bb3 Rhg8 19. a4 Nef4 20. Bxf4 Nxf4
21. Bxf7 Nxg2 22. Rg1 Nf4 23. Bxg8 Ne2+ 24. Kd2 Nxg1 25. Rxg1 Rxe5 26. Nxg7
Bxa4 27. Rg5 Re7 28. Ke3 Bxc2 29. Nxh5 Kb8 30. Nf4 Bd1 31. h5 Bxh5 32. Nxh5 Rd7
33. Kxe4 Rd2 34. f4 Rb2 35. f5 Rxb4+ 36. Ke5 a5 37. Rg2 Rb5+ 38. Ke6 a4 39. Nf4
Rb6+ 40. Ke7 Rb4 41. Ne6 a3 42. Ra2 Rb3 43. Nc5 Re3+ 44. Ne6 b6 45. f6 b5 46.
f7 Rf3 47. Rxa3 Rxa3 48. f8=Q+ Kb7 49. Nd8+ Kb6 50. Qf2+ c5 51. Ne6 Rc3 52. Qd2
b4 53. Qd6+ Kb5 54. Qd7+ Ka5 55. Qb7 b3 56. Kd6 c4 57. Nc5 Rd3+ 58. Nxd3 cxd3
59. Kc5 Ka4 60. Qb4# {Normal} 1-0

[Event "Rated Blitz game"]
[Site "?"]
[Date "2021.04.22"]
[Round "?"]
[White "Kossport"]
[Black "annaly1979"]
[Result "0-1"]
[WhiteElo "2460"]
[BlackElo "2387"]
[PlyCount "78"]
[EventDate "2021.??.??"]
[EventType "blitz"]

1. e4 e5 2. Nf3 d5 3. Nxe5 Qe7 4. d4 f6 5. Nd3 Nc6 6. e5 Nxd4 7. Be3 fxe5 8.
Nxe5 Nxc2+ 9. Qxc2 Qxe5 10. Bb5+ c6 11. Bxc6+ bxc6 12. Qxc6+ Kd8 13. Qxa8 Qxb2
14. Qxd5+ Bd7 15. Qd4 Bb4+ 16. Nd2 Bxd2+ 17. Kf1 Bc3 18. Qd1 Qxa1 19. Qxa1 Bxa1
20. Bxa7 Bc3 21. Ke2 Nf6 22. Rc1 Be5 23. g3 Ke7 24. f4 Bd6 25. Bd4 Rc8 26. Rxc8
Bxc8 27. Ke3 Ng4+ 28. Ke4 g6 29. h3 Nf6+ 30. Bxf6+ Kxf6 31. g4 Bb7+ 32. Ke3
Bc5+ 33. Ke2 Bd5 34. a4 Bb4 35. Ke3 Bb3 36. Ke4 Bxa4 37. g5+ Ke6 38. f5+ gxf5+
39. Kf4 Bd2+ {Normal} 0-1

[Event "Rated Blitz game"]
[Site "?"]
[Date "2021.04.22"]
[Round "?"]
[White "Protput"]
[Black "magos33"]
[Result "1-0"]
[WhiteElo "2409"]
[BlackElo "2416"]
[PlyCount "111"]
[EventDate "2021.??.??"]
[EventType "blitz"]

1. e4 e5 2. Nf3 d5 3. Nxe5 Bd6 4. d4 dxe4 5. Nc4 Nf6 6. Nxd6+ Qxd6 7. Be2 O-O
8. O-O Bf5 9. c4 c5 10. d5 Nbd7 11. Nc3 a6 12. g3 h6 13. Bf4 Ne5 14. Re1 g5 15.
Bxe5 Qxe5 16. Bf1 Rfe8 17. Bg2 Rac8 18. a4 Qd4 19. Qe2 b5 20. axb5 axb5 21.
Nxb5 Qe5 22. Nc3 Rb8 23. Qe3 Rxb2 24. Nb5 Nxd5 25. Qxc5 Nb4 26. Qxe5 Rxe5 27.
Rab1 Rxb1 28. Rxb1 e3 29. Re1 e2 30. Nd4 Bd3 31. Bf3 Bxc4 32. Bxe2 Re4 33. Rb1
Bxe2 34. Rxb4 Bd3 35. Rb8+ Kg7 36. Nf5+ Kg6 37. Ne3 Ra4 38. Rb6+ f6 39. Kg2
Be4+ 40. Kh3 h5 41. g4 h4 42. Rb2 Ra3 43. Rd2 Bf3 44. Rd6 Be4 45. Rd2 Kf7 46.
Rb2 f5 47. gxf5 Bxf5+ 48. Kg2 Be6 49. h3 Kf6 50. Rb6 Rd3 51. Ng4+ Ke7 52. Ne5
Rd5 53. Nf3 Kf6 54. Rb2 Ke7 55. Re2 Kf6 56. Nd2 {Time forfeit} 1-0